000 00721nam a2200217 i 4500
001 19048
003 ES-MaACL
005 20250830222951.0
007 t|
008 020529s1998 sp ||||1| spa d
080 _a821.134.2.09"18"
100 1 _aAlonso, Cecilio.
_920194
245 1 3 _aEl 98 entre las armas y las letras /
_cCecilio Alonso.
260 _a[Sevilla :
_bReal Academia Sevillana de Buenas Letras],
_c1998.
300 _aP. 215-253 ;
_c23 cm.
595 _aSeparata de: Boletín de la Real Academia Sevillana de Buenas Letras, n. 26.
650 _aGeneración del 98 (Literatura)
_913051
650 4 _aGuerra hispano-americana, 1898
_913207
852 _aES-MaACL
_j2168-F-2
999 _c19048
_d19048